[Event "Aurora Spring op U2000"]
[Site "Aurora"]
[Date "2018.03.25"]
[Round "4.17"]
[White "Ai, Amy"]
[Black "Prost, Bernie"]
[Result "1/2-1/2"]
[WhiteElo "1579"]
[BlackElo "1551"]
[PlyCount "72"]
[EventDate "2018.03.24"]
[EventType "swiss"]
[EventRounds "5"]
[EventCountry "CAN"]
[SourceTitle "EXT 2022"]
[Source "ChessBase"]
[SourceDate "2021.10.06"]
[SourceVersion "1"]
[SourceVersionDate "2021.10.06"]
[SourceQuality "1"]

1. e4 e5 2. Nf3 Nc6 3. Bc4 Be7 4. d4 exd4 5. Nxd4 Nf6 6. Nxc6 dxc6 7. Qxd8+ Bxd8 8. Nc3 0-0 9. 0-0 Re8 10. Re1 b5 11. Bd3 Be6 12. Bd2 Be7 13. a3 Bc5 14. h3 a5 15. Be3 Nd7 16. a4 Bxe3 17. Rxe3 b4 18. Ne2 Ne5 19. Nd4 Bc4 20. f4 c5 21. Nf3 Bxd3 22. cxd3 Nd7 23. b3 f6 24. Rae1 Ra6 25. Kf2 Nb8 26. Rc1 Nd7 27. g4 Kf7 28. e5 Rc6 29. Rce1 fxe5 30. fxe5 h6 31. Kg3 Ke6 32. h4 Kd5 33. h5 Rce6 34. Kf4 Rf8+ 35. Kg3 Rfe8 36. Kf4 Rf8+ 1/2-1/2

[Event "Aurora Spring op U2000"]
[Site "Aurora"]
[Date "2018.03.24"]
[Round "2.15"]
[White "Joseph Benher, Savio"]
[Black "Ai, Amy"]
[Result "1-0"]
[WhiteElo "1743"]
[BlackElo "1579"]
[PlyCount "59"]
[EventDate "2018.03.24"]
[EventType "swiss"]
[EventRounds "5"]
[EventCountry "CAN"]
[SourceTitle "EXT 2022"]
[Source "ChessBase"]
[SourceDate "2021.10.06"]
[SourceVersion "1"]
[SourceVersionDate "2021.10.06"]
[SourceQuality "1"]

1. e4 c5 2. Nf3 Nc6 3. Bb5 g6 4. Bxc6 bxc6 5. 0-0 Nf6 6. Re1 Bg7 7. Nc3 0-0 8. d3 d6 9. h3 Rb8 10. Rb1 Ba6 11. Bf4 Re8 12. e5 Nd5 13. Nxd5 cxd5 14. exd6 Rxb2 15. Rxb2 Bxb2 16. Qb1 Bg7 17. dxe7 Rxe7 18. Rxe7 Qxe7 19. Qb8+ Bf8 20. Bh6 f6 21. a4 Kf7 22. Bxf8 Qxf8 23. Qxa7+ Kg8 24. Qxa6 f5 25. Qe6+ Kh8 26. Qe5+ Kg8 27. Qxd5+ Kh8 28. a5 Qh6 29. Qd8+ Kg7 30. Qg5 1-0

[Event "CAN-ch U10 Girls"]
[Site "Sault Ste Marie"]
[Date "2017.07.07"]
[Round "4"]
[White "Ai, Amy"]
[Black "Ksenych, Alexz"]
[Result "1/2-1/2"]
[WhiteElo "1260"]
[BlackElo "931"]
[PlyCount "114"]
[EventDate "2017.07.06"]
[EventType "swiss"]
[EventRounds "7"]
[EventCountry "CAN"]
[SourceTitle "EXT 2022"]
[Source "ChessBase"]
[SourceDate "2021.10.06"]
[SourceVersion "1"]
[SourceVersionDate "2021.10.06"]
[SourceQuality "1"]

1. e4 d5 2. exd5 Nf6 3. d4 Bg4 4. Be2 Bxe2 5. Nxe2 Qxd5 6. 0-0 Nc6 7. Nbc3 Qh5 8. Ng3 Qxd1 9. Rxd1 0-0-0 10. Be3 e5 11. dxe5 Rxd1+ 12. Rxd1 Ng4 13. Bf4 Ngxe5 14. a3 f6 15. h3 Bc5 16. b4 Bd4 17. Nb5 Rd8 18. Nxd4 Rxd4 19. Rxd4 Nxd4 20. Bxe5 fxe5 21. c4 Nc2 22. a4 Nxb4 23. f3 Kd7 24. Kf2 g6 25. Ne4 Kc6 26. Kg3 Kb6 27. Kg4 Ka5 28. Nc3 Nc6 29. Kg5 Kb4 30. Nd5+ Kxa4 31. Nxc7 a5 32. Kh6 Ne7 33. Kxh7 Kb4 34. Nb5 Kxc4 35. Nd6+ Kb3 36. Nxb7 Kb4 37. Nxa5 Kxa5 38. Kg7 g5 39. Kf6 Nd5+ 40. Kxg5 Ne3 41. h4 Nxg2 42. h5 Nf4 43. h6 Ne6+ 44. Kf6 Nf8 45. Kxe5 Kb6 46. f4 Kc7 47. Kf6 Kd7 48. Kf7 Nh7 49. Kg7 Ke7 50. f5 Ng5 51. f6+ Ke8 52. Kg6 Nf7 53. Kg7 Ng5 54. Kg8 Nh7 55. f7+ Ke7 56. Kg7 Nf8 57. Kg8 Nh7 1/2-1/2

[Event "CAN-ch U10 Girls"]
[Site "Sault Ste Marie"]
[Date "2017.07.07"]
[Round "3"]
[White "Siahou, Audrey"]
[Black "Ai, Amy"]
[Result "0-1"]
[WhiteElo "794"]
[BlackElo "1260"]
[PlyCount "130"]
[EventDate "2017.07.06"]
[EventType "swiss"]
[EventRounds "7"]
[EventCountry "CAN"]
[SourceTitle "EXT 2022"]
[Source "ChessBase"]
[SourceDate "2021.10.06"]
[SourceVersion "1"]
[SourceVersionDate "2021.10.06"]
[SourceQuality "1"]

1. e4 e5 2. Nf3 Nc6 3. Bc4 Bc5 4. 0-0 d6 5. h3 Nf6 6. Re1 0-0 7. c3 Nxe4 8. Rxe4 d5 9. Re1 dxc4 10. Nxe5 Nxe5 11. Rxe5 Bd6 12. Re1 Re8 13. b3 cxb3 14. axb3 Bf5 15. Na3 c6 16. Bb2 Rxe1+ 17. Qxe1 Qe8 18. c4 c5 19. Qe3 f6 20. Re1 Qxe3 21. dxe3 Kf7 22. Rd1 Rd8 23. Nb5 Bh2+ 24. Kxh2 Rxd1 25. Nxa7 Rb1 26. Ba3 Rxb3 27. Bxc5 Rc3 28. g4 Rxc4 29. Bd4 Bd7 30. Kg3 b5 31. Nxb5 Bxb5 32. f4 Ke6 33. Kh4 g6 34. g5 f5 35. Kg3 Rc2 36. Bg7 Kd5 37. Kf3 Be2+ 38. Kg3 Ke4 39. Kf2 Bd3+ 40. Kg3 Kxe3 41. Be5 Bf1 42. h4 Rg2+ 43. Kh3 Rxg5+ 44. Kh2 Rg4 45. h5 Rxf4 46. Bxf4+ Kxf4 47. hxg6 hxg6 48. Kg1 Ba6 49. Kf2 g5 50. Kg2 g4 51. Kf2 g3+ 52. Kg2 Bb7+ 53. Kg1 Kg4 54. Kf1 f4 55. Kg1 f3 56. Kf1 g2+ 57. Kf2 Kh3 58. Kg1 Bc6 59. Kf2 Kh2 60. Ke1 g1Q+ 61. Kd2 f2 62. Kc3 f1Q 63. Kb4 Qc1 64. Kb3 Qb6+ 65. Ka2 Qcb2# 0-1

[Event "CAN-ch U10 Girls"]
[Site "Sault Ste Marie"]
[Date "2017.07.06"]
[Round "1"]
[White "Zhang, Joyce"]
[Black "Ai, Amy"]
[Result "1/2-1/2"]
[WhiteElo "863"]
[BlackElo "1260"]
[PlyCount "145"]
[EventDate "2017.07.06"]
[EventType "swiss"]
[EventRounds "7"]
[EventCountry "CAN"]
[SourceTitle "EXT 2022"]
[Source "ChessBase"]
[SourceDate "2021.10.06"]
[SourceVersion "1"]
[SourceVersionDate "2021.10.06"]
[SourceQuality "1"]

1. e4 e5 2. Nf3 Nc6 3. Bc4 Bc5 4. 0-0 Nf6 5. Nc3 d6 6. h3 0-0 7. d3 h6 8. Be3 Bb6 9. Qd2 Bd7 10. a4 Nd4 11. Bxd4 exd4 12. Nb5 c5 13. b4 Bxb5 14. Bxb5 a6 15. Bc4 Re8 16. Rfe1 d5 17. exd5 Rxe1+ 18. Rxe1 Nxd5 19. a5 Bc7 20. Rb1 cxb4 21. Bxd5 Qxd5 22. Qxb4 Bxa5 23. Qxb7 Qxb7 24. Rxb7 Rd8 25. Ra7 Rd6 26. Ra8+ Kh7 27. Ra7 f6 28. Ra8 Bc3 29. Kf1 a5 30. Ke2 g5 31. Nd2 Kg6 32. f3 Kf5 33. g3 Rc6 34. Kd1 Ke5 35. Nc4+ Kf5 36. Ke2 Rc5 37. Kf2 Bb4 38. Ke2 Rc6 39. Kf2 Ke6 40. g4 f5 41. gxf5+ Kxf5 42. Kg3 Be1+ 43. Kg2 Bb4 44. Kg1 Ke6 45. Nxa5 Rxc2 46. Nc4 Rc3 47. Ra4 Be7 48. Ra6+ Kf7 49. Rxh6 Bf6 50. Rh7+ Kg6 51. Rd7 Rxd3 52. Rd6 Kf5 53. Kg2 Be7 54. Rd7 Bb4 55. Rb7 Bc3 56. Nd6+ Kf4 57. Rf7+ Ke5 58. Nb5 Ke6 59. Rc7 Kd5 60. Kf2 Ba5 61. Rc2 Rd2+ 62. Rxd2 Bxd2 63. Ke2 Be3 64. Kd3 Kc5 65. Nc7 Kd6 66. Nb5+ Kd5 67. Nc7+ Ke5 68. Nb5 Kf4 69. Nxd4 Bxd4 70. Kxd4 Kxf3 71. Ke5 Kg3 72. Kf5 Kxh3 73. Kxg5 1/2-1/2

[Event "Windsor NAYCC U08 Girls"]
[Site "Windsor"]
[Date "2016.08.11"]
[Round "9.178"]
[White "Ai, Amy"]
[Black "Qu, Greta"]
[Result "0-1"]
[WhiteElo "605"]
[BlackElo "773"]
[PlyCount "100"]
[EventDate "2016.08.07"]
[EventType "swiss"]
[EventRounds "9"]
[EventCountry "CAN"]
[SourceTitle "EXT 2022"]
[Source "ChessBase"]
[SourceDate "2021.10.06"]
[SourceVersion "1"]
[SourceVersionDate "2021.10.06"]
[SourceQuality "1"]

1. e4 c5 2. Nf3 Nc6 3. d4 cxd4 4. Nxd4 Nf6 5. Nc3 e5 6. Nf3 Bb4 7. Bd2 d6 8. h3 Bxc3 9. Bxc3 Nxe4 10. Bd2 0-0 11. Bc4 Qb6 12. Be3 Qb4+ 13. Nd2 Nxd2 14. Qxd2 Qxc4 15. b3 Qe4 16. 0-0 Qg6 17. Kh2 Bf5 18. Rac1 Be4 19. f3 Bf5 20. c4 Bc8 21. Rfe1 Ne7 22. Bg5 Nf5 23. Qd3 Qxg5 24. Rcd1 Qg3+ 25. Kg1 Nd4 26. Qe4 Bxh3 27. Re2 Nxe2+ 28. Qxe2 e4 29. fxe4 Bg4 30. Qd2 Bxd1 31. Qxd1 Qe3+ 32. Kf1 Qxe4 33. Qe2 Qxe2+ 34. Kxe2 Rfe8+ 35. Kd3 Re1 36. Kd4 Re2 37. Kd5 Rxg2 38. Kxd6 Rxa2 39. Kc7 f5 40. Kxb7 Rf8 41. Kc6 f4 42. Kd5 f3 43. Ke4 f2 44. Ke3 f1Q 45. b4 Re8+ 46. Kd4 Rd2+ 47. Kc3 Qc1+ 48. Kb3 Rb2+ 49. Ka4 Qxc4 50. Ka5 Ra2# 0-1